| 000 | 00284nam a2200085Ia 4500 | ||
|---|---|---|---|
| 008 | 220120s9999||||xx |||||||||||||| ||und|| | ||
| 100 |
_aMythili, S and Vedashree, B.S _912182 |
||
| 245 | 0 | _aATM using i-wire technology based ibution | |
| 260 |
_aCoorg Institute of Technology _bPonnampet _c2009 |
||
| 999 |
_c137768 _d137768 |
||